000 00753nam a2200205 a 4500
003 0
005 20250421100400.0
008 090806s19uu xx 00 eng d
050 _aPGS LB 1060
_b.Su941 2003
100 _aSubion, Queenie Belisha Bermardo.
245 _aStrategies regarding good study habits of grade six students of SISC 2002-2003 /
_cQueenie Belisha Bernardo Subion.
260 _aLas PiƱas City, Philippines :
_bSouthville International School and Colleges,
_c2003.
300 _a31 pages :
_bcolored illustrations ;
_c28 cm.
504 _aIncludes bibliographic references.
650 _aStudy skills.
650 _aStudy habits.
650 _aLearning strategies.
650 _aChildren
_vStudy skills.
942 _2lcc
_cPASS
999 _c96925
_d96925